| 000 | 00441nam a2200181Ia 4500 | ||
|---|---|---|---|
| 008 | 090124s9999 xx 000 0 und d | ||
| 082 | _b26915 | ||
| 100 | _aBENDA JULIEN | ||
| 245 | _aTHE LIVING THOUGHTS OF KANT | ||
| 250 | _a1 | ||
| 260 |
_bCASSELL _c1942 |
||
| 300 | _a154 | ||
| 600 | _aBENDA JULIEN | ||
| 630 | _aTHE LIVING THOUGHTS OF KANT | ||
| 700 | _aBENDA JULIEN | ||
| 730 | _aTHE LIVING THOUGHTS OF KANT | ||
| 942 | _cBOOK | ||
| 999 |
_c94161 _d94161 |
||